Multiple Choice City Quiz - Basel - Statistics

General Stats
  • This quiz has been taken 87 times
  • The average score is 7 of 10
Answer Stats
Question Answer % Correct
Which industry is a key part of Basel's economy, with major companies such as Roche and Novartis? Pharmaceuticals
95%
Which two countries border Basel? France and Germany
93%
Which language is most spoken in Basel? German
92%
Which river flows through Basel? Rhine
89%
Which of these pictures of celebrations was taken at the Carnival of Basel?
80%
Which color makes Basel's Rathaus very recognizable? Red
79%
In which Grand Slam tournament did Roger Federer, perhaps the most famous Basler, win the most titles? Wimbledon
67%
Which one of these world-class football players did NOT play for FC Basel? Robert Lewandowski
62%
Who brought many skills and crafts to the city in the 17th century? Exiled French Protestants
46%
Which star architect was born in Basel and designed several buildings there? Pierre de Meuron
45%
No matching quizzes found
Score Distribution
Percent of People with Each Score
Percentile by Number Answered
Your Score History
You have not taken this quiz